• 首页
  • 本馆介绍
  • 公告通知
  • 最新文献
  • 馆藏检索
  • 电子资源
  • 读者导购
  • 参考咨询
  • 我的图书馆
  • 登录
  • 详细信息显示
  • 放入我的书架
  • 预约/预借图书
  • 作者相关作品
  • 分类相关作品
  • 丛书相关作品
  • 出版社相关作品

书目信息

  • 表格格式
  • 工作单格式
  • 卡片格式
题名:
智能语音时代
    
 
作者: 弗拉霍斯 著 ;苑东明 , 胡伟松 译
分册:  
出版信息: 北京   电子工业出版社  2019.06
页数: 30, 391页
开本: 24cm
丛书名:
单 册:
中图分类: TN912.34
科图分类:
主题词: 人工智能--ren gong zhi neng--应用--语音识别
电子资源:
ISBN: 978-7-121-36208-8
000 01436nam0 2200301 450
001 0109110157
005 20201109110337.0
010    @a978-7-121-36208-8@dCNY98.00
100    @a20190603d2019 em y0chiy50 ea
101 1  @achi@ceng
102    @aCN@b110000
105    @ay z 000yy
106    @ar
200 1  @a智能语音时代@Azhi neng yu yin shi dai@e商业竞争、技术创新与虚拟永生@dTalk to me: how voice computing will transform the way we live, work, and think@f(美)詹姆斯·弗拉霍斯(James Vlahos)著@g苑东明,胡伟松译@zeng
210    @a北京@c电子工业出版社@d2019.06
215    @a30, 391页@d24cm
300    @a北京市科学技术协会科普创作出版资金资助
305    @a由James Vlahos授权出版
330    @a本书分三个部分来讲述:“竞争”讲述了智能语音时代的竞争之战和范式转换;“创新”讲述了语音技术的探索之路,同时探索了语音人工智能的技术突破、个性设计和交谈能力;“革命”探讨了预测了语音科技的未来,并探讨了它将如何最终改变世界。
510 1  @aTalk to me: how voice computing will transform the way we live, work, and think@zeng
517 1  @a商业竞争、技术创新与虚拟永生@Ashang ye jing zheng、ji shu chuang xin yu xu ni yong sheng
606 0  @a人工智能@Aren gong zhi neng@x应用@x语音识别
690    @aTN912.34@v5
701  0 @c(美)@a弗拉霍斯@Afu la huo si@c(Vlahos, James)@4著
702  0 @a苑东明@Ayuan dong ming@4译
702  0 @a胡伟松@Ahu wei song@4译
801  0 @aCN@bBJSZM@c20201103
905    @b1240144-6@dTN912.34@e92@f3
    
    智能语音时代:商业竞争、技术创新与虚拟永生=Talk to me: how voice computing will transform the way we live, work, and think/(美)詹姆斯·弗拉霍斯(James Vlahos)著/苑东明,胡伟松译.-北京:电子工业出版社,2019.06
    30, 391页;24cm
    北京市科学技术协会科普创作出版资金资助
    
    ISBN 978-7-121-36208-8:CNY98.00
    本书分三个部分来讲述:“竞争”讲述了智能语音时代的竞争之战和范式转换;“创新”讲述了语音技术的探索之路,同时探索了语音人工智能的技术突破、个性设计和交谈能力;“革命”探讨了预测了语音科技的未来,并探讨了它将如何最终改变世界。
●
相关链接 在E读中查询图书 在五车中查询图书 在当当中查询图书 在豆瓣中查询图书


正题名:智能语音时代     索取号:TN912.34/92         预约/预借

序号 登录号 条形码 馆藏地/架位号 状态 备注
1 1240144   212401444   第二样本阅览室/ [索取号:TN912.34/92] 在馆    
2 1240145   212401453   第三借阅区/ [索取号:TN912.34/92] 在馆    
3 1240146   212401462   第三借阅区/ [索取号:TN912.34/92] 在馆    
唐山师范学院图书馆 欢迎您!
大连网信软件有限公司© 版权所有